000 00293pam a2200133 a 4500
020 _c
041 _h
082 _a241.235
_bAVA
100 _aMavgavet Evans .
245 _aPastel Unleashed
_hTextual Documents
260 _a[s.l]:
_bSearch Press
300 _a144:
_bPaper.
930 _a7474
999 _c241264
_d241264